ការចិញ្ចឹមជ្រូកយកសាច់ជាលក្ខណះគ្រួសារ នៅខេត្តសៀមរាប,) (Record no. 1671)

000 -LEADER
fixed length control field 00511nam a22001577a 4500
003 - CONTROL NUMBER IDENTIFIER
control field OSt
005 - DATE AND TIME OF LATEST TRANSACTION
control field 20151002143345.0
008 - FIXED-LENGTH DATA ELEMENTS--GENERAL INFORMATION
fixed length control field 151002b xxu||||| |||| 00| 0 eng d
040 ## - CATALOGING SOURCE
Transcribing agency RUA
082 ## - DEWEY DECIMAL CLASSIFICATION NUMBER
Classification number AVM PIS 1995 B069 Or.1
100 ## - MAIN ENTRY--PERSONAL NAME
9 (RLIN) 1767
Personal name PISAK PANHA
245 ## - TITLE STATEMENT
Title ការចិញ្ចឹមជ្រូកយកសាច់ជាលក្ខណះគ្រួសារ នៅខេត្តសៀមរាប,)
260 ## - PUBLICATION, DISTRIBUTION, ETC. (IMPRINT)
Place of publication, distribution, etc. phnom penh
Name of publisher, distributor, etc. RUA
Date of publication, distribution, etc. 1995
300 ## - PHYSICAL DESCRIPTION
Extent 65p.
Other physical details ill.
Dimensions 29cm.
942 ## - ADDED ENTRY ELEMENTS (KOHA)
Source of classification or shelving scheme
Koha item type AVM
Holdings
Price effective from Date last seen Permanent Location Not for loan Date acquired Date last checked out Source of classification or shelving scheme Koha item type Total Checkouts Barcode Lost status Damaged status Withdrawn status Current Location Full call number
2015-10-022016-06-14Library Block B 2015-10-022016-06-07 AVM1RUA007074   Library Block BAVM PIS 1995 B069 Or.1
មជ្ឈមណ្ឌលឯការនៃសាកលវិទ្យាល័យភូមិន្ទកសិកម្មចំការដូង

Powered by Koha